000 00583nam a2200229Ia 4500
003 OSt
005 20220924152205.0
006 a|||||r|||| 00| 0
007 ta
008 220923b |||||||| |||| 00| 0 mar d
024 _a341395
037 _cTextual
040 _aARTS
_cARTS
_bmar
041 _2mar
_amar
082 _aO155,2MSA,1, F5
100 _aSarolker Au.
_9226056
245 0 _apeshvyancha peshwa
260 _c1925
650 _aMARATHI LITERATURE
_938000
942 _hO155,2MSA,1, F5
_cTEXL
_2CC
999 _c469017
_d469017